Statistics for FIFA 16 Bundesliga Team of The Season

Click here to take the quiz!

General Stats

  • This quiz has been taken 134 times
  • The average score is 9 of 23

Answer Stats

PositionTeamPlayer% Correct
CBDortmundMats Hummels
94%
STBayern MunichRobert Lewandowski
94%
CFBayern MunichThomas Muller
92%
LBKolnJonas Hector
82%
GKSchalkeRalf Fahrmann
80%
STDortmundPierre-Emerick Aubameyang
77%
RMBayern MunichDouglas Costa
37%
RBHertha BerlinMitchell Weiser
34%
GKMainzLoris Karius
32%
RMDortmundHenrikh Mkhitaryan
28%
STLeverkusenJavier Hernandez
25%
LMRB LeipzigEmil Forsberg
24%
LMStuttgartFilip Kostic
23%
STDarmstadtSandro Wagner
23%
STMonchengladbachRaffael
20%
LMHertha BerlinSalomon Kalou
19%
CBDarmstadtAytac Sulu
17%
CBIngolstadtMarvin Matip
14%
CBLeverkusenJonathan Tah
8%
CDMMainzJulian Baumgartlinger
8%
CMMonchengladbachMahmoud Dahoud
8%
CBMonchengladbachAndreas Christensen
6%
RMStuttgartLukas Rupp
6%

Score Distribution

Percentile by Number Answered

Percent of People with Each Score

Your Score History

You have not taken this quiz